| 000 | 00614nab#a2200217#c#4500 | ||
|---|---|---|---|
| 999 |
_c87697 _d87697 |
||
| 003 | IEF | ||
| 005 | 20191205185232.0 | ||
| 008 | 950704s1975 uuu|| #####0 b| |u | ||
| 040 |
_aIEF _cES-MaIEF |
||
| 100 | 1 |
_aJordán Navarro, Manuel _923070 |
|
| 245 |
_aRacionalidad económica del sistema de mercado _c Manuel Jordán Navarro |
||
| 260 | _c1975 | ||
| 500 | _aConclusiones | ||
| 650 | 4 |
_aGASTO PUBLICO _944787 |
|
| 650 | 4 |
_aBIENESTAR SOCIAL _933421 |
|
| 650 | 4 |
_aECONOMIA DE MERCADO _942968 |
|
| 773 | 0 |
_tHacienda pública española _w34570 _g36, p. 171-186 |
|
| 942 | _2udc | ||
| 942 | _2udc | ||